Movies Quiz

Random Movies or Oscar Quiz

Oscar Nominees (1963) Quiz Stats

 Plays Quiz not verified by Sporcle

Also try: AFI Top 10
Challenge
Share
Tweet
Embed
Score 0/99 Timer 10:00
0 Plays Today
Hint Answer % Correct
PictureTOM JONES
98.7%
Adapted ScreenplayTOM JONES
98.7%
Art Direction, ColorTom Jones
98.7%
Score - Substantially OriginalTOM JONES
98.7%
PictureLilies of the Field
96.3%
Adapted ScreenplayLilies of the Field
96.3%
Cinematography, Black-and-WhiteLilies of the Field
96.3%
Adapted ScreenplayHud
95.9%
Art Direction, Black-and-WhiteHud
95.9%
Cinematography, Black-and-WhiteHUD
95.9%
ActorSIDNEY POITIER, LILIES OF THE FIELD
95.2%
ActorPaul Newman, Hud
94.8%
ActressPATRICIA NEAL, HUD
93%
ActorAlbert Finney, Tom Jones
92.8%
PictureCleopatra
92.2%
Art Direction, ColorCLEOPATRA
92.2%
Cinematography, ColorCLEOPATRA
92.2%
Costume Design, ColorCLEOPATRA
92.2%
Score - Substantially OriginalCleopatra
92.2%
Film EditingCleopatra
92.2%
SoundCleopatra
92.2%
Special Visual EffectsCLEOPATRA
92.2%
Supporting ActorMELVYN DOUGLAS, HUD
91.1%
PictureAmerica, America
90.6%
DirectorTONY RICHARDSON, TOM JONES
90.6%
Original ScreenplayAmerica, America
90.6%
Art Direction, Black-and-White*AMERICA, AMERICA*
90.6%
Supporting ActressEdith Evans, Tom Jones
90.4%
ActorRichard Harris, This Sporting Life
89.8%
ActorRex Harrison, Cleopatra
89.5%
PictureHow the West Was Won
88.7%
Original Screenplay*HOW THE WEST WAS WON*
88.7%
Art Direction, ColorHow the West Was Won
88.7%
Hint Answer % Correct
Cinematography, ColorHow the West Was Won
88.7%
Costume Design, ColorHow the West Was Won
88.7%
Score - Substantially OriginalHow the West Was Won
88.7%
Film EditingHOW THE WEST WAS WON
88.7%
SoundHOW THE WEST WAS WON
88.7%
Art Direction, ColorThe Cardinal
88.5%
Cinematography, ColorThe Cardinal
88.5%
Costume Design, ColorThe Cardinal
88.5%
Film EditingThe Cardinal
88.5%
ActressRachel Roberts, This Sporting Life
88.2%
Supporting ActressMARGARET RUTHERFORD, THE V.I.P.s
87.8%
DirectorElia Kazan, America, America
86.9%
Supporting ActorJohn Huston, The Cardinal
86.5%
Original Screenplay8 1|2
86.1%
Art Direction, Black-and-White8 1|2
86.1%
Costume Design, Black-and-White*8 1/2*
86.1%
DirectorFederico Fellini, 8 1/2
85%
ActressNatalie Wood, Love with the Proper Stranger
84.7%
Supporting ActressJoyce Redman, Tom Jones
84.5%
Original ScreenplayLove with the Proper Stranger
84.5%
Art Direction, Black-and-WhiteLove with the Proper Stranger
84.5%
Cinematography, Black-and-WhiteLove with the Proper Stranger
84.5%
Costume Design, Black-and-WhiteLove with the Proper Stranger
84.5%
ActressShirley MacLaine, Irma la Douce
83.4%
DirectorMartin Ritt, Hud
83.2%
Cinematography, ColorIrma la Douce
82.4%
Scoring of Music, Adaptation or TreatmentIRMA LA DOUCE
82.4%
Supporting ActressDiane Cilento, Tom Jones
82.1%
Supporting ActressLilia Skala, Lilies of the Field
81.5%
Supporting ActorHugh Griffith, Tom Jones
81.3%
ActressLeslie Caron, The L-Shaped Room
80.6%
DirectorOtto Preminger, The Cardinal
77.8%
Cinematography, ColorIt's a Mad, Mad, Mad, Mad World
74.5%
Hint Answer % Correct
Score - Substantially OriginalIt's a Mad, Mad, Mad, Mad World
74.5%
Original SongIt's a Mad, Mad, Mad, Mad World, 'It's a Mad, Mad, Mad, Mad World'
74.5%
Film EditingIt's a Mad, Mad, Mad, Mad World
74.5%
SoundIt's a Mad, Mad, Mad, Mad World
74.5%
Sound EffectsIT'S A MAD, MAD, MAD, MAD WORLD
74.5%
Adapted ScreenplayCaptain Newman, M.D.
74.1%
SoundCaptain Newman, M.D.
74.1%
Supporting ActorBobby Darin, Captain Newman, M.D.
70.8%
Supporting ActorNick Adams, Twilight of Honor
64.7%
Art Direction, Black-and-WhiteTwilight of Honor
63.6%
Special Visual EffectsThe Birds
61.2%
Original SongCharade, 'Charade'
56.2%
Scoring of Music, Adaptation or TreatmentBye Bye Birdie
54%
SoundBye Bye Birdie
54%
Film EditingThe Great Escape
53.6%
Costume Design, ColorThe Leopard
51.9%
Original ScreenplayThe Four Days of Naples
50.3%
Adapted ScreenplaySundays and Cybele
50.1%
Scoring of Music, Adaptation or TreatmentSundays and Cybele
50.1%
Original SongPAPA'S DELICATE CONDITION, 'Call Me Irresponsible'
50.1%
Costume Design, ColorA New Kind of Love
47.3%
Scoring of Music, Adaptation or TreatmentA New Kind of Love
47.3%
Costume Design, Black-and-WhiteToys in the Attic
44.9%
Cinematography, Black-and-WhiteThe Caretakers
42.7%
Costume Design, Black-and-WhiteThe Stripper
42%
Cinematography, Black-and-WhiteThe Balcony
41.4%
Original SongMondo cane, 'More'
41.4%
Scoring of Music, Adaptation or TreatmentThe Sword in the Stone
40.7%
Score - Substantially Original55 Days at Peking
40.3%
Original Song55 Days at Peking, 'So Little Time'
40.3%
Sound EffectsA Gathering of Eagles
36.8%
Art Direction, ColorCome Blow Your Horn
36.6%
Costume Design, Black-and-WhiteWives and Lovers
36.6%

You're not logged in!

Compare scores with friends on all Sporcle quizzes.
Join for Free
OR
Log In

You Might Also Like...

Show Comments

Extras

Created Sep 12, 2014ReportNominate
Tags:Oscar Quiz, Academy Awards

Top Quizzes Today


Score Distribution

Your Account Isn't Verified!

In order to create a playlist on Sporcle, you need to verify the email address you used during registration. Go to your Sporcle Settings to finish the process.

Report this User

Report this user for behavior that violates our Community Guidelines.

Details: